000 00633nam a2200181Ia 4500
008 090630s9999 xx 000 0 und d
082 _b27979
100 _aकाकोडकर चंद्रकांत.
245 _aअभिमान.
_cकाकोडकर चंद्रकांत.
260 _bसुकृत - सांगली.
_c2007
300 _a192
600 _aकाकोडकर चंद्रकांत.
630 _aअभिमान.
655 _aकादंबरी.
700 _aकाकोडकर चंद्रकांत.
730 _aअभिमान.
942 _cBOOK
999 _c279835
_d279835